| 000 | 00776nam a2200241Ia 4500 | ||
|---|---|---|---|
| 999 |
_c53928 _d53928 |
||
| 001 | 20979 | ||
| 003 | GE_BSU | ||
| 005 | 20210702180504.0 | ||
| 008 | 181216s2001||||us |||||||||||||| ||eng|| | ||
| 020 | _a003033473X Workbook with CD ISBN 0030334810: 9780030334818 | ||
| 040 | _cGE_BSU | ||
| 080 | _a54 V-69 | ||
| 100 |
_aVining, William J. _912178 |
||
| 245 |
_aInteractive Organic Chemistry : _bCD-ROM and Workbook / _c William J. Vining, Vincent M. Rotello, David A. Bak. |
||
| 264 |
_aUSA : _bTHOMSON BROOKS / COLE, _c2001. |
||
| 300 |
_a142 p. ; _c23 cm. _e+1CD-Rom |
||
| 541 | _h80gel. | ||
| 653 | _aInteractive Organic Chemistry | ||
| 653 | _aქიმია | ||
| 700 |
_aRotello, Vincent M. _eby _912179 |
||
| 700 |
_aBak, David A. _eby _912180 |
||
| 942 |
_cBK _2udc |
||